| 000 | 00421nam a22001697a 4500 | ||
|---|---|---|---|
| 005 | 20160521111707.0 | ||
| 008 | 160521b xxu||||| |||| 00| 0 eng d | ||
| 020 | _a0-07-462243-9 | ||
| 041 | _aeng | ||
| 082 | _b3723 | ||
| 100 |
_aJacob Millman Christas C. Helkias _9937 |
||
| 245 | _aEletronic Devices and Circuits | ||
| 260 |
_aNew Delhi _bTMH, |
||
| 300 | _a744 | ||
| 650 |
_aDIPLOMA ENGINEERING _9817 |
||
| 942 | _cBK | ||
| 999 |
_c1279 _d1279 |
||